| 000 | 00830nam a2200253 a 4500 | ||
|---|---|---|---|
| 005 | 20231113063603.0 | ||
| 008 | 160208s2015 es r 000 0 spa d | ||
| 020 | _a9788497991483 | ||
| 035 | _aUPN01000207994 | ||
| 049 | _aCG | ||
| 050 | 4 |
_aBF575 A5 _bL4.2 |
|
| 100 | 1 |
_aLewicki, Christine _938613 |
|
| 245 | 1 | 1 |
_a¡Basta ya de-- enfados con mis hijos [y con mi pareja]! / _cChristine Lewicki, Florence Leroy ; tr. Montserrat Asensio Fernández. |
| 260 |
_aBarcelona, Esp. : _bMedici, _c2015. |
||
| 300 |
_aix, 217 P. : _bil. |
||
| 440 | 0 | _a21 dias para cambiar | |
| 534 |
_pTraducción: _tJ'arréte de roler sur mes enfants (et mon conjoint) |
||
| 650 | 4 |
_aENOJO _910090 |
|
| 650 | 2 |
_aIra _919784 |
|
| 650 | 7 |
_aActitud (Psicología) _2 _9125 |
|
| 700 | 1 |
_aLeroy, Florence, _ecoaut. |
|
| 905 | _aLibro | ||
| 999 |
_c180095 _d180095 |
||